Pulp Fiction Cast - Sudden Death - Statistics

General Stats
  • This quiz has been taken 350 times
  • The average score is 6 of 16
Answers on the Grid
Answers color-coded by a green-red scale on the quiz's grid according to % correct below.
John Travolta
Laurence Fishburne
Amanda Plummer
Paul Calderon
Alec Baldwin
Johnny Depp
Michael Madsen
Sean Penn
Pam Grier
Mickey Rourke
Harvey Keitel
Al Pacino
Eddie Murphy
Matt Dillon
Eric Roberts
Ken Foree
Christopher Walken
Virginia Madsen
Marisa Tomei
Alfrie Woodard
Danny DeVito
Patricia Arquette
Michael Keaton
Quentin Tarantino
Tony Todd
Meg Tilly
Irene Jacob
Jim Brown
Samuel L. Jackson
Marie de Madeiros
Phoebie Cates
Ving Rhames
Lili Taylor
Sid Haig
Angela Bassett
Tim Roth
Warren Beatty
Jennifer Beals
Bridget Fonda
Bruce Willis
Phil LaMarr
Kurt Cobain
Angel Aviles
John Cusack
Gary Oldman
Rosanna Arquette
Eric Stoltz
Uma Thurman
Nicolas Cage
Steve Buscemi
 
Answer Stats
Answer % Correct
John Travolta
98%
Quentin Tarantino
63%
Uma Thurman
61%
Samuel L. Jackson
60%
Bruce Willis
53%
Christopher Walken
44%
Tim Roth
39%
Harvey Keitel
38%
Amanda Plummer
31%
Steve Buscemi
27%
Ving Rhames
26%
Eric Stoltz
13%
Marie de Madeiros
13%
Rosanna Arquette
10%
Paul Calderon
9%
Phil LaMarr
9%
No matching quizzes found
Score Distribution
Percent of People with Each Score
Percentile by Number Answered
Your Score History
You have not taken this quiz